Biblioteca

Neopentecostalismo y política : el caso colombiano / Álvaro Cepeda Van Houten (Registro nro. 44908)

Detalles MARC
000 -LÍDER
Campo fijo de descripción fija 010200000a22002170004500
020 ## - NÚMERO INTERNACIONAL NORMALIZADO PARA LIBROS
Número Internacional Normalizado del libro 978-958-8436-21-0
041 0# - CÓDIGO DE IDIOMA
Código de idioma para texto/pista de sonido o título separado
082 04 - NÚMERO DE CLASIFICACIÓN DECIMAL DEWEY
Número de clasificación G 261.7 C399a
001 - NÚMERO DE CONTROL
Campo de control 18479
100 1# - ASIENTO PRINCIPAL--NOMBRE PERSONAL
Nombre personal Cepeda Van Houten, Álvaro
245 10 - TÍTULO
Título del Material Neopentecostalismo y política : el caso colombiano / Álvaro Cepeda Van Houten
260 ## - PUBLICACIÓN, DISTRIBUCIÓN, ETC. (PIE DE IMPRENTA)
Lugar de publicación, distribución, etc. Cali, Colombia: Universidad de San Buenaventura
300 ## - DESCRIPCIÓN FÍSICA
Extensión 171 páginas
336 ## - CONTENT TYPE
Content type term texto
Content type code txt
Source rdacontent
337 ## - MEDIA TYPE
Source rdamedia
Media type term sin mediación
Media type code n
338 ## - CARRIER TYPE
Source rdacarrier
Carrier type term volumen
Carrier type code nc
501 ## - NOTA DE “CON”
Nota de Contenido rústico
505 00 - NOTA DE CONTENIDO
Nota de contenido con formato preestablecido Prólogo -- Introducción -- Génesis del protestantismo latinoamericano -- El clientelismo y el sistema de partidos en Colombia -- Del protestantismo histórico al pentecostalismo -- La misión carismática Internacional -- La Cruzada Estudiantil y profesional de Colombia -- La Iglesia de Dios Ministerial de Jesucristo Internacional -- Conclusiones -- Bibliografía
650 14 - ASIENTO SECUNDARIO DE MATERIA - TERMINO TEMÁTICO
Término temático o nombre geográfico como elemento de entrada CRISTIANISMO Y POLITICA \ PENTECOSTALISMO \ NEOPENTECOSTALISMO
942 ## - TIPO DE MATERIAL (KOHA)
Tipo de Item KOHA Libros General
Existencias
Estado de Material Estado de Perdido Estado de Dañado No para Préstamo Colección Tomo Biblioteca de Origen Biblioteca Permanente Fecha de Adquisición Total de Préstamos Total de Renovaciones Signatura Topográfica Código de Barras Última vez visto Última vez Préstado Ejemplar/Existencia Fecha de Remplazo Tipo de Material
        Colección General   Biblioteca FUSBC Biblioteca FUSBC 11/06/2014 6 3 G 261.7 C399a 18472 12/04/2022 17/01/2022 1 26/01/2016 Libros General

Biblioteca FUSBC | Teléfono: (57+4) 349 88 10 Ext. 141| WhatsApp (+57) 3005338115 
E-mail: biblioteca@unisbc.edu.co | Calle 76 87-14 Robledo Palenque, Medellín, Colombia

Con tecnología Koha